STN ISO 3402 [neplatná]Tabak a tabakové výrobky ovzdušie na kondicionovanie a skúšanie

Podrobná bibliografia
Médium: Kniha
Jazyk:slovenčina
Vydavateľské údaje: Bratislava Slovenský ústav technickej normalizácie 2002
Predmet:

MARC

LEADER 00000cam a2200000 a 4500
001 vtls001482081
003 SK-MaSNL
005 20260301203905.0
008 130607s2002 xo 00000 slo
035 |a SNK000437378 
040 |a SNK  |b slo  |c SNK  |e AACR2 
041 0 |a slo 
044 |a xo  |c SK 
245 1 |a STN ISO 3402 [neplatná]Tabak a tabakové výrobky  |b ovzdušie na kondicionovanie a skúšanie 
260 |a Bratislava  |b Slovenský ústav technickej normalizácie  |c 2002 
500 |a Táto národná norma je identická s ISO 3402: 1999 
500 |a Nahradená normou STN ISO 3402: 2025 
655 7 |a normy  |2 SNK  |9 70643 
774 1 8 |t STN ISO 3402: 2025  |d Bratislava: Úrad pre normalizáciu, metrológiu a skúšobníctvo, 2025  |w vtls012288617 
852 |a Slovenská národná knižnica 
999 |c 904340  |d 906270 
952 |t P60, <03>, [BOOK], {603}  |a SNK  |b SNK  |y PREZ  |7 0  |p 17A0443175  |o snkSTN ISO 3402  |i snkN 4232/2004  |0 0  |1 0  |4 0  |d 2004-09-21  |l 0  |r 2005-01-02 00:00:00  |w 2026-02-24 
952 |a SNK  |b SNK  |y PREZ  |7 0  |p 17A0443176  |o snkSTN ISO 3402 D1  |i snkN 4233/2004  |0 0  |1 0  |4 0  |d 2004-09-21  |l 0  |r 2005-01-02 00:00:00  |w 2026-02-24